00336nam a2200109Ia 4500008004100000245008700041260004900128260000900177300001000186500001400196650001600210170224s9999 xx 000 0 und d 4aThe psychology of martyrdom: Making the ultimate sacrifice in the name of a cause. bJournal of Personality and Social Psychology c2014 a107:3 aSeptember xPsychology.